000 00474nam a22001577a 4500
082 _aPhD-EEP-2
100 _aMalik, Muhammad Mahad (360022)
_9132272
245 _aSmart Grid, Multi Micro Grid Integration and Planning /
264 _aIslamabad :
_bUSPCAS-E,
_cJune, 2025.
300 _axxii, 185 p.
_e+CD
520 _aPhD-EEP-2
650 _aPhD EEP Thesis
_9128250
650 _aPhD Thesis
_919283
700 _aSupervisor: Dr. Syed Ali Abbas Kazmi
942 _2ddc
_cTHE
999 _c615509
_d615509